| 000 | 00348nam a22001457a 4500 | ||
|---|---|---|---|
| 003 | SGT | ||
| 020 | _a9789355620439 | ||
| 082 |
_a954.034 _bM22V |
||
| 100 | _aVADAICH, MALVINDER JEET SINGH | ||
| 245 | _aMERA RANG DE BASANTI CHOLA | ||
| 260 |
_aINDIA _bPRABHAT PRAKASHAN _c2022 |
||
| 300 | _a294 | ||
| 650 | _aFREEDOM FIGHTERS | ||
| 942 |
_2ddc _cBK |
||
| 999 |
_c26162 _d26162 |
||